banner-ar

العلم والتكنولوجيا / (Record no. 66506)

MARC details
000 -الفاتح
حقل البيانات ثابتة الطول 00812nam a2200229Ia 4500
005 - وقت وتاريخ اخر تعامل مع التسجيلة
رقم الضبط 20240530110922.0
008 - عناصر البيانات ثابتة الطول - معلومات عامة
حقل البيانات ثابتة الطول 140319s9999 xx 000 0 ara d
017 ## - رقم الايداع القانونى
رقم الايداع القانونى 1985/2999
020 ## - الرقم الدولى المعيارى للكتب
الرقم الدولى المعيارى للكتاب 9770105953
040 ## - مصدر الفهرسة
وكالة الفهرسة الأصلية GCL /
وكالة النسخ GCL
082 04 - رقم تصنيف ديوى العشرى
رقم التصنيف 301.243
رقم المادة ب ع
100 1# - المدخل الرئيسى - إسم شخصى
الإسم الشخصى بتسوليتش، ميروسلاف
245 12 - بيان العنوان
العنوان العلم والتكنولوجيا /
بيان المسئوليه,etc تحرير ميروسلاف بتسوليتش ، انور عبدالملك
260 ## - PUBLICATION, DISTRIBUTION, ETC. (IMPRINT)
تاريخ النشر أو التوزيع 1985
300 ## - الوصف المادى
التعداد 239 ص. ؛
أبعاد الوعاء 24 سم.
490 0# - بيان السلسلة
عنوان السلسلة تغيير العالم ؛
رقم المجلد/ التعيين التسلسلي 1
650 04 - المدخل الاضافى بالموضوع-مصطلح موضوعى
مصطلح موضوعي البناء الاجتماعى
650 04 - المدخل الاضافى بالموضوع-مصطلح موضوعى
مصطلح موضوعي التغيير الاجتماعى
700 0# - المدخل الاضافى - اسم شخصى
الإسم الشخصى انور عبدالملك
الدور محرر مشارك
942 ## - عناصر المدخل الإضافي( كوها)
مصدر التصنيف او مخطط الترفيف Dewey Decimal Classification
Koha [default] item type كتاب
260 ## - PUBLICATION, DISTRIBUTION, ETC. (IMPRINT)
-- القاهرة :
-- الهيئة المصرية العامة للكتاب،
Holdings
حالة التراجع حالة الفقد مصدر التصنيف او خطة الترفيف حالة تلف ليس للاعارة المكان المؤقت الموقع الحالى موقع الترفيف تاريخ الاكتساب اجمالي اﻻعارات رقم الطلب الباركود تاريخ اخر مشاهدة تاريخ تفعيل السعر نوع وعاء كوها
    ddc     مكتبة القاهرة الكبرى مكتبة القاهرة الكبرى ق الرئيسية_العلوم الاجتماعية_ك عربى 06/11/2022   301.243\ب ع 168058 06/11/2022 06/11/2022 كتاب

Powered By

EGPV